=LDR 00000nam 2200000 4500 =001 NUTBA000000000002204 =005 20140609103616.0 =006 =007 =008 =020 ##$$a 978-602-98188-2-6 =035 ##$$0010-061400000000147 =040 ##$$a NBPDMAT =082 ##$$a 636.5 =090 ##$$a 636.5 $b Cri c =100 ##$$a Chris Dian F =245 ##$$a Cara sukses memulai dan menjalankan usaha ternak domba (berbagai) enes domba / $c Chris Dia F ; Penyunting, Isna =250 ##$$a Cet.2 =260 ##$$a Jogjakarta : $b Trans Idea Publishing, $c 2014 =300 ##$$a 85 hlm. : $b ilus. ; $c 21 cm. =500 ##$$a Bibliografi : hlm. 81, Indeks : hlm. 83-84 =650 ##$$a Ternak Domba =700 ##$$a Isna =850 ##$$a NBPDMAT =990 ##$$a 21401282 =990 ##$$a 0001/BPAP-NTB/2015